000
00280nam a2200121Ia 4500
008
220216s9999 xx 000 0 und d
100
_a
Mainstone B J
245
0
_a
Making rubber more attractive
260
_b
Planter
_c
1973
300
_a
182-187
650
_a
Rubber
942
_c
JS
999
_c
62378
_d
62378